| 000 | 00798cam a2200241 a 4500 | ||
|---|---|---|---|
| 001 | 000018153 | ||
| 005 | 20240422104515.0 | ||
| 008 | 770208s1975 cr 000 j spa d | ||
| 035 | _a(DLC) 77452814 | ||
| 040 |
_aDO-SdBNP _bspa _cDLC _dDLC _dBNPHU |
||
| 082 |
_aCh863.4 _bB142p |
||
| 100 | 1 |
_aBaeza Flores, Alberto, _d1914-1998 _97565 |
|
| 245 | 1 | 0 |
_aPasadomañana : _brelatos / _cAlberto Baeza Flores. |
| 260 |
_aSan José, Costa Rica : _bÉpoca y Ser, _c1975. |
||
| 300 |
_a182 p. ; _c22 cm. |
||
| 490 | 0 |
_aNarradores de América Latina. _aTiempo de ahora |
|
| 650 | 4 |
_aCuentos chilenos _914649 |
|
| 650 | 4 |
_aLiteratura chilena _xSiglo xx _939332 |
|
| 830 | 0 |
_aNarradores de América Latina. _pTiempo de ahora. _939333 |
|
| 910 | _aCatalogación por copia / LC | ||
| 910 | _aWM | ||
| 049 | _aBNGR | ||
| 999 |
_c17674 _d17674 |
||